Statistics for North America - Countries by Capitals with Map

Click here to take the quiz!

General Stats

  • This quiz has been taken 104 times
  • The average score is 19 of 23

Answer Stats

Capital Country % Correct
Guatemala CityGuatemala
97%
HavanaCuba
97%
OttawaCanada
95%
Mexico CityMexico
95%
Panama CityPanama
95%
Port-au-PrinceHaiti
93%
KingstonJamaica
93%
San SalvadorEl Salvador
91%
WashingtonUnited States
91%
NassauBahamas
90%
Santo DomingoDominican Republic
84%
ManaguaNicaragua
83%
San JoséCosta Rica
83%
Port-of-SpainTrinidad and Tobago
79%
BelmopanBelize
78%
BridgetownBarbados
78%
TegucigalpaHonduras
78%
BasseterreSaint Kitts and Nevis
76%
CastriesSaint Lucia
74%
KingstownSaint Vincent and the Grenadines
72%
RoseauDominica
67%
Saint John'sAntigua and Barbuda
67%
Saint George'sGrenada
66%

Score Distribution

Percentile by Number Answered

Percent of People with Each Score

Your Score History

You have not taken this quiz